000 00970nam a22001937a 4500
003 BR-ViAPE
005 20260417151633.0
008 260417s1941 por gs||||s000 0 por d
040 _cBR-ViAPE
110 _aEspírito Santo
_bEstado
245 _aRelatório apresentado ao Delegado Regional do Serviço Nacional de recenseamento no Estado do Espirito Santo, Snr. Armando Duarte Rabello, pelo delegado seccional da 1ª região, Snr. João Dias Collares Junior, aos 8 de setembro de 1941
260 _aVitória
_b[s.n.]
_c1941
300 _a112 p.
_bDocumento digitalizado (PDF)
500 _aDocumento digitalizado do acervo institucional do Arquivo Público do Estado do Espírito Santo - APEES.
650 _xAdministração pública
_zEspírito Santo
651 _aEspírito Santo
_xRelatórios governamentais
856 _uhttps://ape.es.gov.br/Media/ape/PDF/Relatorios/1941/relatorio%20-%20ano1941.pdf
_yCLIQUE AQUI PARA ACESSAR O DOCUMENTO
942 _2ddc
_cMSGREL
_n1
999 _c513
_d513